Statistics for Who Did That 2000s Song #1

Click here to take the quiz!

General Stats

  • This quiz has been taken 63,602 times
  • The average score is 15 of 24

Answer Stats

YearSongArtist or Group% Correct
2008Poker FaceLady Gaga
98%
2008Single Ladies
(Put a Ring on It)
Beyoncé Knowles
94%
2006SexyBackJustin Timberlake
85%
2004American IdiotGreen Day
82%
2006RehabAmy Winehouse
78%
2002Sk8er BoiAvril Lavigne
78%
2005Hollaback GirlGwen Stefani
77%
2005Gold DiggerKanye West
77%
2003Hey-Ya!Outkast
77%
2004Since U Been GoneKelly Clarkson
76%
2008Love StoryTaylor Swift
71%
2000YellowColdplay
69%
2000StanEminem
69%
200499 ProblemsJay-Z
65%
2001It Wasn't MeShaggy
62%
2008Chasing PavementsAdele
58%
2008Sex on FireKings of Leon
58%
2005Feel Good Inc.Gorillaz
57%
2000Beautiful DayU2
51%
2008Paper PlanesM.I.A.
46%
2004Take Me OutFranz Ferdinand
37%
2002Your Body is a WonderlandJohn Mayer
36%
2001Last NiteThe Strokes
21%
2002Fell in Love with a GirlThe White Stripes
18%

Score Distribution

Percentile by Number Answered

Percent of People with Each Score

Your Score History

You have not taken this quiz